000 01122naa a22003017a 4500
001 BR7405822
003 BR-BrBNA
005 20240918173644.0
007 ta
008 230509b bl.||||| |||| 00| 0 por d
040 _aBR-BrBNA
_bpor
_cBiblioteca Nacional de Agricultura
041 _a(Pt)
072 _aF30; H20
_b0336
_b4100
_bG514
090 _aF30 BR7405822
100 1 _aVernetti, F. de J.
100 1 _aGastal, M.F. da C.
100 1 _aRaupp, A.A.A.
245 1 _aCriacao de cultivares [Soja; Glycine max; Variedade resistente; Rio Grande do Sul; Brasil]
260 3 _aPelotas, RS (Brasil):
_c1974.
500 _aSoja - resultados experimentais. Regiao Sudeste do Rio Grande do Sul. IPEAS - sede. 1973-1974 Pelotas, RS (Brasil): 1974. p. 8-21 (BR7405822-AM)F30
650 _aSOJA
650 _aLINHAGEM
650 _aVARIEDADE RESISTENTE
650 _aRIO GRANDE DO SUL
773 0 _tSoja - resultados experimentais. Regiao Sudeste do Rio Grande do Sul. IPEAS - sede. 1973-1974
_wF30 BR7405822
_gPelotas, RS (Brasil), 1974. p. 8-21
909 _a202404
_bLucia
_c55
_dLucia Elande
942 _cAM
_2AGRIS
999 _c306011
_d306011